000 00822cam a2200289 4500
008 090401t1995 xxu||||| |||| 00| 0 eng d
020 _a0860174107
035 _a(Sirsi) u56533
041 _aeng
050 _a693.89
100 _aCard, G.B.
245 _aProtecting development from methane.
260 _aLondon
_bCIRIA
_c1995
300 _a190p. : ill. ; 30cm.
350 _a60
490 _aCIRIA Report
_v149
520 _aMethane and associated hazards to construction programme.
650 _aBUILT ENVIRONMENT-CONSTRUCTION DESIGN
650 _aGAS
650 _aMETHANE
650 _aPROTECTION
650 _aVENTILATION
690 _aBUILT ENVIRONMENT-CONSTRUCTION DESIGN
710 _aConstruction Industry Research and Information Association
_94810
942 _n0
948 _c04/03/1997
999 _c93804
_d93804